Western mysticism (Record no. 37317)

MARC details
000 -LEADER
campo de control de longitud fija 00583nam a2200157 i 4500
001 - NÚMERO DE CONTROL
campo de control 37317
003 - IDENTIFICADOR DE NÚMERO DE CONTROL
campo de control ES-MaACL
005 - FECHA Y HORA DE LA ÚLTIMA TRANSACCIÓN
campo de control 20230906155538.0
007 - CAMPO FIJO DE DESCRIPCIÓN FÍSICA--INFORMACIÓN GENERAL
campo de control de longitud fija t|
008 - DATOS DE LONGITUD FIJA--INFORMACIÓN GENERAL
campo de control de longitud fija 030220s1927 xxk ||||1| eng d
100 1# - ENTRADA PRINCIPAL--NOMBRE DE PERSONA
Nombre de persona Butler, Cuthbert.
9 (RLIN) 32938
245 10 - MENCIÓN DEL TÍTULO
Título Western mysticism
Resto del título : the reading of S.S. Augustine, Gregory and Bernard on contemplation and the contemplative life : neglected chapters in the history of religion /
Mención de responsabilidad, etc. by Cuthbert Butler.
260 ## - PUBLICACIÓN, DISTRIBUCIÓN, ETC.
Lugar de publicación, distribución, etc. London :
Nombre del editor, distribuidor, etc. Constable,
Fecha de publicación, distribución, etc. [1927] (
Fabricante Richard Clay)
300 ## - DESCRIPCIÓN FÍSICA
Extensión XCI, 352 p. ;
Dimensiones 23 cm.
852 ## - LOCALIZACIÓN
Ubicación ES-MaACL
Número de control de estantería D-7390
Sublocalización o colección R.30201
Holdings
Estatus retirado Estado de pérdida Estado de daño No para préstamo Biblioteca de origen Biblioteca actual Ubicación en estantería Fecha de adquisición Fuente de adquisición Total de préstamos Signatura topográfica completa Código de barras Visto por última vez Precio de reemplazo Tipo de ítem Koha
        Biblioteca del Ateneo de Madrid Biblioteca del Ateneo de Madrid Sala Valle Inclán 17/01/2008     D-7390 901039270 23/02/2023 23/02/2023 Libro impreso